[Event "IECG CN.2001.0.00234"]
[Site "IECG email"]
[Date "2001.02.04"]
[Round "?"]
[White "Suesmoller, Volkmar"]
[Black "Venturas, Bob"]
[Result "1-0"]
[WhiteElo "800"]
[BlackElo "489"]
[PlyCount "21"]
[EventDate "2001.02.04"]
[EventType "tourn (corr)"]
[EventRounds "6"]
[SourceTitle "Corr 2008"]
[Source "ChessBase"]
[SourceDate "2008.06.24"]
[SourceVersion "1"]
[SourceVersionDate "2008.06.24"]
[SourceQuality "1"]

1. c4 c5 2. Nc3 e6 3. Nf3 Nc6 4. g3 Nf6 5. Bg2 h6 6. d4 Qa5 7. d5 Nb8 8. 0-0 Bd6 9. dxe6 dxe6 10. Qxd6 Nc6 11. Nb5 1-0

[Event "IECG CP.2000.P.00090"]
[Site "IECG email"]
[Date "2000.10.01"]
[Round "?"]
[White "Chovanec, Vladimir"]
[Black "Suesmoller, Volkmar"]
[Result "0-1"]
[WhiteElo "1616"]
[BlackElo "712"]
[PlyCount "48"]
[EventDate "2000.10.01"]
[EventType "tourn (corr)"]
[EventRounds "6"]
[EventCountry "GER"]
[SourceTitle "Corr 2008"]
[Source "ChessBase"]
[SourceDate "2008.06.24"]
[SourceVersion "1"]
[SourceVersionDate "2008.06.24"]
[SourceQuality "1"]

1. e4 e5 2. Nf3 Nc6 3. Bb5 a6 4. Ba4 Nf6 5. 0-0 Be7 6. Re1 b5 7. Bb3 0-0 8. c3 d6 9. h3 Na5 10. Bc2 c5 11. d4 Qc7 12. Nbd2 cxd4 13. cxd4 Nc6 14. Nb3 a5 15. Be3 a4 16. Nbd2 Bd7 17. Rc1 Qb7 18. Qe2 Rfe8 19. Bd3 Rab8 20. a3 exd4 21. Nxd4 Ne5 22. Bxb5 Bxb5 23. Nxb5 Qxb5 24. Nc4 Nxe4 0-1

[Event "IECG CP.2000.P.00090"]
[Site "IECG email"]
[Date "2000.10.01"]
[Round "?"]
[White "Suesmoller, Volkmar"]
[Black "Guimaraes, Mario Sergio Souza"]
[Result "0-1"]
[WhiteElo "712"]
[BlackElo "2283"]
[PlyCount "70"]
[EventDate "2000.10.01"]
[EventType "tourn (corr)"]
[EventRounds "6"]
[EventCountry "GER"]
[SourceTitle "Corr 2008"]
[Source "ChessBase"]
[SourceDate "2008.06.24"]
[SourceVersion "1"]
[SourceVersionDate "2008.06.24"]
[SourceQuality "1"]

1. e4 e5 2. Nf3 Nf6 3. d4 Nxe4 4. Bd3 d5 5. Nxe5 Nd7 6. Nxd7 Bxd7 7. 0-0 Bd6 8. c4 c6 9. cxd5 cxd5 10. Qh5 0-0 11. Qxd5 Bc6 12. Qh5 g6 13. Qh3 Ng5 14. Bxg5 Qxg5 15. Nc3 Rfe8 16. d5 Bxd5 17. Rae1 Rxe1 18. Rxe1 Rd8 19. Rd1 Be6 20. Ne4 Qe5 21. Qg3 Bxa2 22. Bb5 Qxg3 23. Nxg3 a6 24. Ba4 f5 25. h3 Kf7 26. Bc2 Ke7 27. Re1+ Kf6 28. Rd1 Be6 29. Ne2 Rd7 30. g3 Be5 31. Rxd7 Bxd7 32. b3 a5 33. f4 Bb2 34. Kf2 b5 35. Ke3 a4 0-1

[Event "IECG CP.2000.P.00090"]
[Site "IECG email"]
[Date "2000.10.01"]
[Round "?"]
[White "Suesmoller, Volkmar"]
[Black "Stiepan, Hans Michael"]
[Result "0-1"]
[WhiteElo "712"]
[BlackElo "1850"]
[PlyCount "62"]
[EventDate "2000.10.01"]
[EventType "tourn (corr)"]
[EventRounds "6"]
[EventCountry "GER"]
[SourceTitle "Corr 2008"]
[Source "ChessBase"]
[SourceDate "2008.06.24"]
[SourceVersion "1"]
[SourceVersionDate "2008.06.24"]
[SourceQuality "1"]

1. e4 e6 2. d4 d5 3. Nd2 Nf6 4. e5 Nfd7 5. Bd3 c5 6. c3 Nc6 7. Ne2 cxd4 8. cxd4 f6 9. exf6 Nxf6 10. Nf3 Bd6 11. 0-0 0-0 12. Bf4 Bxf4 13. Nxf4 Ne4 14. Ne2 Rxf3 15. gxf3 Ng5 16. Kh1 e5 17. dxe5 Nxf3 18. Bxh7+ Kh8 19. Ng1 Ncd4 20. Bd3 Bg4 21. Qc1 Qf8 22. Qe3 Re8 23. Nxf3 Nxf3 24. Rg1 Rxe5 25. Rxg4 Rxe3 26. fxe3 Qd6 27. Rg2 Ne5 28. Rd1 Qc6 29. Bc2 g6 30. Bb3 Nc4 31. Rdg1 Ne5 0-1

[Event "IECG CN.2000.0.00210"]
[Site "IECG email"]
[Date "2000.08.28"]
[Round "?"]
[White "Suesmoller, Volkmar"]
[Black "Thurrott, Allan"]
[Result "1-0"]
[WhiteElo "800"]
[BlackElo "800"]
[PlyCount "43"]
[EventDate "2000.08.28"]
[EventType "tourn (corr)"]
[EventRounds "6"]
[SourceTitle "Corr 2008"]
[Source "ChessBase"]
[SourceDate "2008.06.24"]
[SourceVersion "1"]
[SourceVersionDate "2008.06.24"]
[SourceQuality "1"]

1. e4 d6 2. Nc3 Nf6 3. d4 g6 4. Nf3 Bg7 5. Be2 0-0 6. 0-0 Nbd7 7. e5 dxe5 8. dxe5 Ng4 9. e6 fxe6 10. Ng5 Nxf2 11. Rxf2 Ne5 12. Qxd8 Rxd8 13. Nb5 c5 14. Nc7 Rb8 15. Ngxe6 Bxe6 16. Nxe6 Rdc8 17. Nxg7 Kxg7 18. Bf4 Kf6 19. Bg3+ Ke6 20. Re1 Rf8 21. Bg4+ Kd5 22. Rxe5+ 1-0

[Event "IECG CN.1999.0.00158"]
[Site "IECG email"]
[Date "1999.11.02"]
[Round "?"]
[White "Cayer, Jean"]
[Black "Suesmoller, Volkmar"]
[Result "0-1"]
[WhiteElo "894"]
[BlackElo "800"]
[PlyCount "30"]
[EventDate "1999.11.02"]
[EventType "tourn (corr)"]
[EventRounds "6"]
[SourceTitle "Corr 2008"]
[Source "ChessBase"]
[SourceDate "2008.06.24"]
[SourceVersion "1"]
[SourceVersionDate "2008.06.24"]
[SourceQuality "1"]

1. e4 c5 2. Nf3 Nc6 3. c3 d5 4. exd5 Qxd5 5. d4 Nf6 6. Nbd2 cxd4 7. Bc4 Qc5 8. 0-0 dxc3 9. bxc3 Na5 10. Nb3 Qxc4 11. Nxa5 Qxc3 12. Nb3 Bg4 13. Re1 Bxf3 14. gxf3 e6 15. Bb2 Qxb2 0-1

[Event "IECG CN.1999.0.00158"]
[Site "IECG email"]
[Date "1999.11.02"]
[Round "?"]
[White "Ribeiro, Rogerio"]
[Black "Suesmoller, Volkmar"]
[Result "1-0"]
[WhiteElo "800"]
[BlackElo "800"]
[PlyCount "37"]
[EventDate "1999.11.02"]
[EventType "tourn (corr)"]
[EventRounds "6"]
[SourceTitle "Corr 2008"]
[Source "ChessBase"]
[SourceDate "2008.06.24"]
[SourceVersion "1"]
[SourceVersionDate "2008.06.24"]
[SourceQuality "1"]

1. e4 c5 2. Nf3 e6 3. d4 cxd4 4. Nxd4 Nc6 5. Nc3 Qc7 6. Ndb5 Qb8 7. Be3 a6 8. Nd4 Bb4 9. Nxc6 bxc6 10. Qg4 Qe5 11. Bd2 Nf6 12. Qxg7 Rg8 13. Qh6 Bxc3 14. Bxc3 Qxe4+ 15. Qe3 Qxe3+ 16. fxe3 Ne4 17. Ba5 c5 18. g3 Bb7 19. Rg1 1-0

[Event "IECG CN.1999.0.00158"]
[Site "IECG email"]
[Date "1999.11.02"]
[Round "?"]
[White "Suesmoller, Volkmar"]
[Black "Nett, Philipp"]
[Result "0-1"]
[WhiteElo "800"]
[BlackElo "800"]
[PlyCount "26"]
[EventDate "1999.11.02"]
[EventType "tourn (corr)"]
[EventRounds "6"]
[SourceTitle "Corr 2008"]
[Source "ChessBase"]
[SourceDate "2008.06.24"]
[SourceVersion "1"]
[SourceVersionDate "2008.06.24"]
[SourceQuality "1"]

1. c4 e5 2. Nc3 Nc6 3. Nf3 Nf6 4. g3 d5 5. cxd5 Nxd5 6. Bg2 Nb6 7. d3 Be7 8. Be3 0-0 9. 0-0 Re8 10. a3 Be6 11. b4 Nd5 12. Bd2 a6 13. Rc1 Qd7 0-1